000 01108nam a22003257a 4500
001 BR0301416
003 BR-BrBNA
005 20230928101252.0
007 ta
008 230509b bl.||||| |||| 00| 0 por d
040 _aBR-BrBNA
_bpor
_cBiblioteca Nacional de Agricultura
041 _a(Por)
072 _aF30; H10
_b1123
_b4050
090 _ 1123 BR0301416
100 1 _aEl-Moor, R.D.
110 1 _aUniversidade de Brasília, DF (Brasil). Faculdade de Agronomia e Medicina Veterinária
_0Tese (Mestre em Agronomia)
245 1 _aMelhoramento genético do maracujazeiro azedo (Passiflora edulis Sims f. flavicarpa Deg)visando resistência ao nematóide de galhas do gênero Meloidogyne spp.
260 3 _aBrasília, DF (Brasil):
_c2002.
300 _a78 p.
500 _aSummaries (Eng, Por); Several bibliography; 23 tables
650 _aMARACUJÁ
650 _aNEMATÓIDE
650 _aMELHORAMENTO GENÉTICO VEGETAL
650 _aVARIEDADE RESISTENTE
650 _aMICORRIZA
650 _aGENÓTIPO
650 _aINOCULAÇÃO
909 _a202309
_bLucia
_c55
_dLucia Elande
942 _cBK
999 _c65008
_d65008